00667nam a2200205Ia 4500003000400000008004100004020002300045040000800068100002600076245005800102260003400160300001300194365001100207901002100218902004300239903005800282942001200340952009200352999001700444LDD181029s9999 xx 000 0 und d a8180301265c600.00 cLDD aReddy, Chandrasekhara 0aAdvanced coordination chemistrycChandrasekhara Reddy aNew DelhibCampus Booksc2009 av, 195p. b600.00 a6055b25-08-2010 aSBS/134/D/2010b31-08-2010cFdSBSe54 aDiscount-15bReqst by : Geeta kaicker  2ddccBK 00102ddc4070990726aLDDbLDDl0o541.2242 R246Ap074061r2018-11-01w2018-11-01yBK c90727d90727